00393 a2200121 4500020001800000022001300018082001600031100001400047245011100061260005500172300002600227650001800253 a9780309099394 a19359802 a363.125 HAL aHall, Jim aACRP Report 3 Analysis of Aircraft Overruns and Undershoots for Runway Safety Areas /cJim Hall....[et al] aWashington :bTransportation Research Board,c2008 a50p. :bill. ;c30 cm aRunway Safety